000 00314 a2200157 4500
001 59028
020 _a8573022612
040 _cAnchieta - Pituba
100 _aDorfman, Ariel
240 1 0 _aTerapia
_lpor
245 1 0 _aTerapia
300 _a171
362 0 _a1999
650 4 _aFicção brasileira
942 _cBK
999 _c59028
_d59028